Face to face : portrét našeho času : umělecké, kulturní, podnikatelské, politické ostravské osobnosti 1964-2004 /

Hlavní autor: Polášek, Miloš, 1939-2017
Jazyk: Čeština
Vydáno: Ostrava : En face, 2004
Témata:
Externí odkaz: Digitalizovaný dokument
Fyzický popis: 96 s. : il., portréty ; 23 x 24 cm
Knihy
Uloženo v:
LEADER 01409nam a2200361 a 4500
001 000751827
003 CZ BrMZK
005 20041222100230.0
007 ta
008 041125s2004 xr ac gr 000 0dczeoc
015 |a cnb001490114 
020 |a 80-902564-8-1  |q (váz.) 
035 |a (OCoLC)85124106 
040 |a OLA001  |b cze  |d BOA001 
043 |a e-xr---  |b e-xr-mo  |2 czenas 
072 7 |a 929  |x Biografie  |2 Konspekt  |9 8 
080 |a 929  |2 MRF 
080 |a (437.326)  |2 MRF 
080 |a (084.12)  |2 MRF 
100 1 |a Polášek, Miloš,  |d 1939-2017  |7 jn20000402027  |4 pht 
245 1 0 |a Face to face :  |b portrét našeho času : umělecké, kulturní, podnikatelské, politické ostravské osobnosti 1964-2004 /  |c [Miloš Polášek] 
246 3 3 |a Portrét našeho času 
260 |a Ostrava :  |b En face,  |c 2004 
300 |a 96 s. :  |b il., portréty ;  |c 23 x 24 cm 
500 |a 300 výt. 
500 |a Dostupné též v digitální podobě v aplikaci Kramerius 
650 0 7 |a osobnosti  |7 ph115615  |z Česko  |y 20.-21. stol.  |2 czenas 
655 7 |a fotografické publikace  |7 fd132276  |2 czenas 
651 7 |a Ostrava (Česko)  |7 ge128537  |2 czenas 
856 4 1 |u http://www.digitalniknihovna.cz/mzk/uuid/uuid:dde3d0d0-a930-11e9-8fdf-005056827e52  |y Digitalizovaný dokument  |x NDK 
910 |a BOA001  |b 2-1143.919 
990 |a BK 
996 6 |b 2610234488  |c 2-1143.919  |l MZK  |r Sklad / do 1 hodiny  |n 1  |p p.v.  |w 000751827  |u 000010  |a 1  |e BOA001  |j MZK50  |s P